MARC

LEADER 00000nam2a2200000 4500
001 71999
005 20231031083039.0
035 |a (RuTPU)RU\TPU\book\76740 
090 |a 71999 
100 |a 20041229d1960 m y0rusy50 ca 
101 0 |a rus 
102 |a RU 
105 |a a z 000ay 
200 0 |a Т. 1-2 
210 |d 1960 
215 |a 614 с.  |c ил. 
461 1 |0 (RuTPU)RU\TPU\book\76728  |t Война и мир  |o Т. 1 -  |f Л. Н. Толстой  |v Т. 1-2  |d 1960 
600 1 |a Толстой  |g Лев Николаевич  |f 1829-1910  |c граф  |c русский писатель  |c член-корреспондент, почетный академик Петербургской АН  |b Л. Н.  |2 stltpui  |3 (RuTPU)RU\TPU\pers\497 
610 1 |a художественная литература 
610 1 |a классики 
610 1 |a Россия 
610 1 |a Наполеон 
610 1 |a Отечественная война 1812 
675 |a Р1  |v 3 
801 1 |a RU  |b 63413507  |c 20041229  |g PSBO 
801 2 |a RU  |b 63413507  |c 20050105  |g PSBO 
942 |c BK